Statistics for Ten Famous Paintings

Click here to take the quiz!

General Stats

  • This quiz has been taken 1,718 times
  • The average score is 7 of 10

Answer Stats

HintAnswer% Correct
___ Night By Vincent Van GoghStarry
94%
The Last ___ By Leonardo Da VinciSupper
92%
The ___ Of Venus By Sandro BotticelliBirth
91%
The Girl With A Pearl ___ By Johannes VermeerTEarring
89%
___ Gothic By Grant WoodAmerican
77%
The ___ By Gustav KlimtKiss
74%
Bridge Over A Pond Of Water ___ By Claude MonetLilies
66%
Whistler’s ___ By James McNeill WhistlerMother
62%
The ___ Of Memory By Salvador DaliPersistence
46%
La Trahison Des Images (Ceci N’est Pas Une ___) By Rene MagrittePipe
40%

Score Distribution

Percentile by Number Answered

Percent of People with Each Score

Your Score History

You have not taken this quiz